Aufgaben und Lehrsätze aus der Analysis / (Record no. 51334)
[ view plain ]
| 000 -LEADER | |
|---|---|
| fixed length control field | 01167cam a22002772 4500 |
| 001 - CONTROL NUMBER | |
| control field | 51334 |
| 003 - CONTROL NUMBER IDENTIFIER | |
| rucl marc code | BD-RjUL |
| 005 - DATE AND TIME OF LATEST TRANSACTION | |
| control field | 20211209075637.0 |
| 008 - FIXED-LENGTH DATA ELEMENTS--GENERAL INFORMATION | |
| fixed length control field | 160830s1964 xx 000 0 ger u |
| 035 ## - SYSTEM CONTROL NUMBER | |
| System control number | (BD-RjUL)51454 |
| 040 ## - CATALOGING SOURCE | |
| Transcribing agency | YNG |
| Modifying agency | OCL |
| -- | HDC |
| -- | EQO |
| Original cataloging agency | BD-RjUL |
| Language of cataloging | eng |
| 041 ## - LANGUAGE CODE | |
| Language code of text/sound track or separate title | eng |
| 082 ## - DEWEY DECIMAL CLASSIFICATION NUMBER | |
| Classification number | 515 |
| Author mark and year | POA 1964 |
| 090 ## - LOCALLY ASSIGNED LC-TYPE CALL NUMBER (OCLC); LOCAL CALL NUMBER (OCLC) | |
| Classification number (OCLC) (R) ; Classification number, CALL (RLIN) (NR) | QA43 |
| Local cutter number (OCLC) ; Book number/undivided call number, CALL (RLIN) | .P617 1964 |
| 100 1# - MAIN ENTRY--PERSONAL NAME | |
| Personal name | Pólya, George, |
| Dates associated with a name | 1887-1985. |
| 9 (RLIN) | 153543 |
| 245 00 - TITLE STATEMENT | |
| Title | Aufgaben und Lehrsätze aus der Analysis / |
| Statement of responsibility, etc. | von G. Pólya und G. Szegö. |
| 250 ## - EDITION STATEMENT | |
| Edition statement | 3. berichtigte Aufl. |
| 260 ## - PUBLICATION, DISTRIBUTION, ETC. (IMPRINT) | |
| Place of publication, distribution, etc. | Berlin ; |
| -- | New York : |
| Name of publisher, distributor, etc. | Springer, |
| Date of publication, distribution, etc. | 1964. |
| 300 ## - PHYSICAL DESCRIPTION | |
| Pagination | xiv 338 p. ; |
| Size | 24 cm. |
| 490 1# - SERIES STATEMENT | |
| Series statement | Die Grundlehren der mathematischen Wissenschaften in Einzeldarstellungen, |
| Volume/sequential designation | Bd. 19-20 |
| 505 0# - FORMATTED CONTENTS NOTE | |
| Formatted contents note | 1. Bd. Reihen. Integralrechnung. Funktionentheorie.--2. Bd. Funktionentheorie. Nullstellen. Polynome. Determinanten. Zahlentheorie. |
| 650 #0 - SUBJECT ADDED ENTRY--TOPICAL TERM | |
| Topical term or geographic name as entry element | Mathematical analysis |
| General subdivision | Problems, exercises, etc. |
| 9 (RLIN) | 151337 |
| 700 1# - ADDED ENTRY--PERSONAL NAME | |
| Personal name | Szegő, Gábor, |
| Dates associated with a name | 1895-1985 |
| 830 #0 - SERIES ADDED ENTRY--UNIFORM TITLE | |
| Uniform title | Grundlehren der mathematischen Wissenschaften in Einzeldarstellungen mit besonderer Berücksichtigung der Anwendungsgebiete ; |
| Volume number/sequential designation | Bd. 19-20. |
| 942 ## - ADDED ENTRY ELEMENTS (KOHA) | |
| Source of classification or shelving scheme | Dewey Decimal Classification |
| Koha item type | Books |
| Lost status | Source of classification or shelving scheme | Damaged status | Not for loan | Collection code | Permanent Location | Current Location | Shelving location | Date acquired | Source of acquisition | Cost, normal purchase price | Total Checkouts | Full call number | Date last seen | Copy number | Koha item type |
|---|---|---|---|---|---|---|---|---|---|---|---|---|---|---|---|
| Dewey Decimal Classification | Non-fiction | Central Library, University of Rajshahi | Central Library, University of Rajshahi | 30/12/1968 | Zeitlinger | 326.40 | 515 POA 1964 | 30/08/2016 | C-2 | Books | |||||
| Dewey Decimal Classification | Non-fiction | Central Library, University of Rajshahi | Central Library, University of Rajshahi | 30/12/1968 | Zeitlinger | 326.40 | 515 POA 1964 | 30/08/2016 | C-3 | Books |